| 000 | 00848ntm a22002177a 4500 | ||
|---|---|---|---|
| 005 | 20170809104030.0 | ||
| 008 | 170802s2014 xx a frb 000 0 eng d | ||
| 040 |
_aEG-ScBUE _beng _cEG-ScBUE |
||
| 082 | 0 | 4 |
_222 _a624 _bSAM |
| 100 | 1 | _aSamir, Simon Sameh. | |
| 245 | 1 | 0 |
_aCritical success factors for the effective application of total quality management in construction porjects in Egypt / _cSimon Sameh Samir. |
| 260 | _c2014. | ||
| 300 |
_ax, 131 p. : _bill. (col.) ; _c28 cm. |
||
| 500 | _aA dissertation submitted to The Faculty Of Engineering, The British University In Egypt, in partial fulfillment of the requirements for the bachelor degree in civil engineering. | ||
| 590 | _aNour | ||
| 650 | 7 |
_2BUEsh _aCivil engineering _vProjects |
|
| 653 |
_bENGCIV _cAugust2017 |
||
| 655 | _vSPRO | ||
| 700 | 1 |
_tOthman, Ayman. _eths |
|
| 942 | _2ddc | ||
| 999 |
_c25258 _d25230 |
||